Boca Juniors en Europa: El diario Crítica y el primer nacionalismo deportivo argentino. = Boca Juniors in Europe: the daily Crítica and the outset of Argentinean sport nationalism /

Gespeichert in:
Bibliographische Detailangaben
1. Verfasser: Frydenberg, Julio D.
Format: Text
Schlagworte:
Tags: Tag hinzufügen
Keine Tags, Fügen Sie den ersten Tag hinzu!

MARC

LEADER 00000 a a2200000 04500
001 8312
003
040
100 |a Frydenberg, Julio D.  
245 |a Boca Juniors en Europa: El diario Crítica y el primer nacionalismo deportivo argentino. =   |b Boca Juniors in Europe: the daily Crítica and the outset of Argentinean sport nationalism /  |c Julio D. Frydenberg 
500 |a Resumen tambien en Ingles  
650 |a FUTBOL  
650 |a IDENTIDAD CULTURAL  
650 |a NACIONALISMO  
650 |a DISCURSOS  
650 |a PERIODISMO  
773 |g volumen 20, número 39; páginas 91-120  
999 |c 22475  |d 22475